000 00654nam a2200193Ii 4500
003 JO-AjNU
008 230605s9999||||xx |||||||||||||| ||und||
040 _aJO-AjNU
_bara
_erda
_cJO-AjNU
041 _aara
050 1 4 _aND970 1988
100 3 _aعبد الرحمن فؤاد,سعيد تأليف,
_eauthor
_915054
245 0 0 _aاعلام ومشاهير الفن التشكيلي
264 3 1 _aبغداد:دار الكتب الثقافية,1988
300 _a220ص
336 _atext
_btxt
_2rdacontent
337 _aunmediated
_bn
_2rdamedia
338 _avolume
_bnc
_2rdacarrier
650 4 _aاعلام ومشاهير -الفن التشكيلي
_915055
999 _aA4162
_c7730
_d7730